| 000 | 00411nam a2200145Ia 4500 | ||
|---|---|---|---|
| 008 | 220216s9999 xx 000 0 und d | ||
| 100 | _aRajalakshmy V.K. | ||
| 245 | 0 | _aPurple root disease of rubber: A new report for India | |
| 260 |
_bIndian Journal of Natural Rubber Research _c1994 |
||
| 300 | _a75-78 | ||
| 650 | _aHelicobasidium compactum | ||
| 650 | _aPurple root | ||
| 700 | _aJoseph A. | ||
| 942 | _cBS | ||
| 999 |
_c52110 _d52110 |
||